[Event "Ct. Lleida indiv. Absolut A"]
[Site "?"]
[Date "2011.10.16"]
[Round "3.1"]
[White "Ramon Solans, A."]
[Black "Codina Garcia, J."]
[Result "1-0"]
[WhiteElo "2280"]
[BlackElo "2128"]
[PlyCount "63"]
[EventDate "2011.??.??"]
[EventType "swiss"]

1. d4 d5 2. c4 c6 3. Nc3 Nf6 4. Nf3 e6 5. e3 Nbd7 6. Bd3 dxc4 7. Bxc4 b5 8. Bd3
a6 9. e4 c5 10. d5 e5 11. O-O g6 12. h3 Bg7 13. Ne2 O-O 14. Bg5 h6 15. Be3 c4
16. Bc2 Ne8 17. Qd2 Kh7 18. a4 Bb7 19. axb5 axb5 20. Qb4 Qc7 21. Rxa8 Bxa8 22.
Ra1 Nd6 23. Ra7 Bb7 24. Nc3 Ra8 25. Rxa8 Bxa8 26. Nxb5 Nxb5 27. Qxb5 Bf8 28.
Nd2 Bc5 29. Bxc5 Nxc5 30. Nxc4 Qe7 31. Qb8 Qg5 32. Ne3 1-0

[Event "Ct. Lleida indiv. Absolut A"]
[Site "?"]
[Date "2011.10.16"]
[Round "3.2"]
[White "Llavall Sans, D."]
[Black "Monell Camarasa, D."]
[Result "0-1"]
[WhiteElo "2049"]
[BlackElo "2212"]
[PlyCount "70"]
[EventDate "2011.??.??"]
[EventType "swiss"]

1. e4 g6 2. d4 Bg7 3. f4 c5 4. Nf3 cxd4 5. Nxd4 Nc6 6. Nxc6 bxc6 7. Nc3 Qb6 8.
Bc4 d6 9. Qe2 e6 10. a4 a5 11. Ra3 Ne7 12. Rb3 Qc7 13. O-O O-O 14. Be3 Rb8 15.
Rxb8 Qxb8 16. Bb3 Bb7 17. Qd2 Rd8 18. Bb6 Rd7 19. Bd4 Bxd4+ 20. Qxd4 Ba6 21.
Rf3 c5 22. Qf6 c4 23. Ba2 Qxb2 24. h4 Qb6+ 25. Kh2 Qd8 26. Qg5 Nc6 27. Qg3 d5
28. e5 Nd4 29. Rf2 Nf5 30. Qg5 h5 31. Kh3 Qxg5 32. hxg5 Rb7 33. g4 hxg4+ 34.
Kxg4 Rb2 35. Bb1 Bb7 0-1

[Event "Ct. Lleida indiv. Absolut A"]
[Site "?"]
[Date "2011.10.16"]
[Round "3.3"]
[White "Trepat Herranz, J."]
[Black "Pera Lucas, E."]
[Result "1-0"]
[WhiteElo "2348"]
[BlackElo "1983"]
[PlyCount "57"]
[EventDate "2011.??.??"]
[EventType "swiss"]

1. d4 d5 2. c4 c6 3. Nf3 Nf6 4. e3 e6 5. b3 Bb4+ 6. Nbd2 O-O 7. Bd3 Ne4 8. O-O
f5 9. a3 Bc3 10. Rb1 Ba5 11. Qc2 Nd7 12. b4 Bc7 13. b5 Ndf6 14. a4 g5 15. Ba3
Bd6 16. Bxd6 Nxd6 17. Nxg5 Nfe4 18. Ngf3 Bd7 19. bxc6 Bxc6 20. Rb2 Qe8 21. Ra1
f4 22. c5 fxe3 23. fxe3 Nf5 24. Nxe4 Nxe3 25. Qb1 Rxf3 26. gxf3 dxe4 27. Bxe4
Qh5 28. Bxc6 bxc6 29. Qe4 1-0

[Event "Ct. Lleida indiv. Absolut A"]
[Site "?"]
[Date "2011.10.16"]
[Round "3.4"]
[White "Sanuy Moncasi, A."]
[Black "Parramon Guillaumet, J."]
[Result "1-0"]
[WhiteElo "1978"]
[BlackElo "1905"]
[PlyCount "103"]
[EventDate "2011.??.??"]
[EventType "swiss"]

1. Nf3 Nf6 2. c3 d5 3. d4 e6 4. Bg5 c5 5. e3 Nc6 6. Nbd2 Be7 7. Bd3 h6 8. Bh4
O-O 9. Qe2 c4 10. Bc2 b5 11. a3 a5 12. O-O Nd7 13. Bxe7 Qxe7 14. e4 Re8 15.
Rfe1 Nb6 16. e5 Bd7 17. g4 b4 18. h4 g6 19. Nf1 b3 20. Bd1 Na4 21. Qd2 Kg7 22.
Ng3 Na7 23. g5 h5 24. Nh2 Rh8 25. Bf3 Nb5 26. Ne2 Rab8 27. Rab1 Rhc8 28. Nf1
Rc7 29. Nfg3 Rh8 30. Nf4 Bc6 31. Nfe2 Bb7 32. Kg2 Kf8 33. Nf1 Kg7 34. Ne3 Rhc8
35. Nf4 Rd7 36. Kg3 Rh8 37. Rec1 Kf8 38. Qe2 Naxc3 39. bxc3 a4 40. Bxh5 gxh5
41. Nxh5 Ke8 42. Nf6+ Kd8 43. Nxd7 Kxd7 44. Nd1 Rg8 45. f4 f6 46. exf6 Qxf6 47.
Qe5 Qg6 48. Nb2 Bc6 49. Re1 Rf8 50. Kg4 Re8 51. h5 Qc2 52. Qe2 {irreproduible}
1-0

[Event "Ct. Lleida indiv. Absolut A"]
[Site "?"]
[Date "2011.10.16"]
[Round "3.5"]
[White "Campos Olaya, I."]
[Black "Perez Cabas, J."]
[Result "1-0"]
[WhiteElo "2173"]
[BlackElo "1964"]
[PlyCount "103"]
[EventDate "2011.??.??"]
[EventType "swiss"]

1. e4 c5 2. Nf3 e6 3. d3 d5 4. Nbd2 Nc6 5. g3 Nf6 6. Bg2 Be7 7. O-O O-O 8. Re1
Nd7 9. e5 f6 10. exf6 Nxf6 11. c4 Qd6 12. Qe2 Re8 13. Nf1 Bd8 14. Bf4 e5 15.
Nxe5 Ba5 16. Nd2 Bxd2 17. Qxd2 Nxe5 18. Rxe5 Rxe5 19. d4 Ne4 20. Bxe4 dxe4 21.
Bxe5 Qe7 22. Qf4 cxd4 23. Qxe4 Be6 24. b3 d3 25. Qxd3 Rd8 26. Qe3 Qd7 27. Bc3
Qc6 28. Qe5 Qd7 29. Re1 Re8 30. Qg5 Qf7 31. h4 h6 32. Qc5 b6 33. Qd4 Bd7 34.
Rxe8+ Bxe8 35. Qd5 h5 36. f3 Qxd5 37. cxd5 Bf7 38. d6 Be8 39. Kf2 g6 40. g4 Kf7
41. gxh5 gxh5 42. Be5 Ke6 43. Bf4 b5 44. Ke3 Kd5 45. a3 a5 46. Kd3 Bc6 47. Bg3
a4 48. b4 Ke6 49. Kd4 Bxf3 50. Kc5 Kd7 51. Kxb5 Bc6+ 52. Ka5 1-0

[Event "Ct. Lleida indiv. Absolut A"]
[Site "?"]
[Date "2011.10.16"]
[Round "3.6"]
[White "Gutierrez Martos, FE."]
[Black "Degracia Burgues, JA."]
[Result "1-0"]
[WhiteElo "2072"]
[BlackElo "1915"]
[PlyCount "81"]
[EventDate "2011.??.??"]
[EventType "swiss"]

1. c4 e6 2. g3 d5 3. Bg2 Nf6 4. Nf3 Bc5 5. d4 Bb4+ 6. Bd2 Bxd2+ 7. Nbxd2 O-O 8.
O-O Re8 9. Rc1 Nbd7 10. Qb3 e5 11. cxd5 exd4 12. Nxd4 Nb6 13. e4 c6 14. Rfe1
cxd5 15. exd5 Rxe1+ 16. Rxe1 Rb8 17. Nb5 Bf5 18. Nc3 Qd7 19. Nf1 Bh3 20. Ne3
Bxg2 21. Kxg2 Re8 22. Rd1 g5 23. Qb4 h5 24. Qd4 Qd8 25. Nf5 Nbd7 26. h4 Re5 27.
Qd3 gxh4 28. Nxh4 Ng4 29. Nf3 Qb6 30. Rd2 Re8 31. Qf5 Ngf6 32. Qg5+ Kf8 33. d6
Rd8 34. Qf4 Kg8 35. a4 a5 36. Qg5+ Kf8 37. Qf4 Kg8 38. Ne5 Nxe5 39. Qxe5 Qc6+
40. Kg1 Kg7 41. Qg5+ 1-0

[Event "Ct. Lleida indiv. Absolut A"]
[Site "?"]
[Date "2011.10.16"]
[Round "3.7"]
[White "Monfa Sole, R."]
[Black "Palau Cabases, A."]
[Result "0-1"]
[WhiteElo "2040"]
[BlackElo "1899"]
[PlyCount "114"]
[EventDate "2011.??.??"]
[EventType "swiss"]

1. d3 e5 2. a3 a5 3. Nf3 Nc6 4. c4 f5 5. Nc3 Nf6 6. g3 Bc5 7. Bg2 d6 8. e3 O-O
9. O-O Qe8 10. Rb1 Qh5 11. d4 Ba7 12. Nd5 Rf7 13. h4 e4 14. Ng5 Qxd1 15. Rxd1
Rd7 16. Nxf6+ gxf6 17. Ne6 Re7 18. Nf4 a4 19. Bd2 Bb6 20. Nd5 Rf7 21. Nxb6 cxb6
22. Bf1 Rc7 23. Bb4 Nxb4 24. axb4 Be6 25. d5 Bd7 26. Ra1 Kf7 27. Ra3 Rac8 28.
b5 Rxc4 29. Bxc4 Rxc4 30. b3 Rc3 31. Rxa4 Bxb5 32. Ra2 Bd3 33. Ra8 Rc5 34. Rb8
Ba6 35. Rd8 Ke7 36. Rh8 h5 37. Rh7+ Ke8 38. Rxh5 Be2 39. Rh8+ Kf7 40. Ra1 Rxd5
41. Rh7+ Ke6 42. Rxb7 Rb5 43. Ra6 Rc5 44. Ra1 Rb5 45. Rb1 Rb4 46. f3 exf3 47.
Kf2 Bd3 48. Rb2 Rb5 49. Rg7 Be4 50. b4 Re5 51. g4 fxg4 52. Rxg4 Kf5 53. Rg1 Ke6
54. Rh1 Kf7 55. Kg3 Rd5 56. Kf4 f5 57. Rhh2 Rd1 $138 0-1

[Event "Ct. Lleida indiv. Absolut A"]
[Site "?"]
[Date "2011.10.16"]
[Round "3.8"]
[White "Arnillas Moles, J."]
[Black "Aranzana Areste, A."]
[Result "1-0"]
[WhiteElo "1737"]
[BlackElo "2032"]
[PlyCount "137"]
[EventDate "2011.??.??"]
[EventType "swiss"]

1. e4 e6 2. d3 d5 3. Nd2 c5 4. Ngf3 Nc6 5. g3 Bd6 6. Bg2 Nge7 7. O-O O-O 8. Re1
Qc7 9. Qe2 Ng6 10. c3 d4 11. Nc4 e5 12. cxd4 cxd4 13. h4 Bg4 14. a3 b5 15. Nxd6
Qxd6 16. Qf1 Rfc8 17. Bd2 Nce7 18. Nh2 h5 19. Nxg4 hxg4 20. Rec1 Nf8 21. Bb4
Qf6 22. Qd1 Qe6 23. Bxe7 Qxe7 24. Qxg4 Rc5 25. Bh3 Ne6 26. Qd1 Rac8 27. Rxc5
Qxc5 28. Bxe6 fxe6 29. Qb3 Qb6 30. Kf1 a5 31. a4 Rc5 32. Ke2 Qc6 33. Kd2 Kf7
34. Qd1 Ke7 35. Rc1 Kd6 36. axb5 Qxb5 37. Rxc5 Kxc5 38. Qc2+ Kd6 39. b3 Qb4+
40. Ke2 Qb5 41. Qc4 Qe8 42. Qa6+ Ke7 43. Qxa5 Qh5+ 44. f3 Kf7 45. Qc7+ Kg8 46.
Qd8+ Kh7 47. Qg5 Qe8 48. Qxe5 Qc8 49. Qxd4 Qc2+ 50. Kf1 Qd1+ 51. Kg2 Qxb3 52.
Kh3 Qd1 53. Kg4 Qd2 54. Qd6 e5 55. h5 Qe3 56. Qxe5 Qxd3 57. Qf5+ Kh8 58. e5
Qd4+ 59. f4 Qd1+ 60. Kh4 Qh1+ 61. Kg5 Qg1 62. g4 Qc5 63. Qd7 Qe3 64. Qc8+ Kh7
65. Qf5+ Kh8 66. e6 Qa3 67. Qf7 Qc5+ 68. Kg6 Qc2+ 69. f5 1-0

[Event "Ct. Lleida indiv. Absolut A"]
[Site "?"]
[Date "2011.10.16"]
[Round "3.9"]
[White "Villa Gimenez, C."]
[Black "Alba Tarradelles, J."]
[Result "1/2-1/2"]
[WhiteElo "2027"]
[BlackElo "1888"]
[PlyCount "107"]
[EventDate "2011.??.??"]
[EventType "swiss"]

1. d4 Nf6 2. c4 e6 3. Nc3 d5 4. cxd5 exd5 5. Bg5 Nbd7 6. e3 Be7 7. Bd3 c6 8.
Nge2 h6 9. Bh4 O-O 10. Qc2 Re8 11. O-O Ne4 12. Bg3 Nxg3 13. Nxg3 Nf6 14. a3 a5
15. Na4 Bf8 16. Nc5 Nd7 17. b4 axb4 18. axb4 Rxa1 19. Rxa1 b5 20. Ra8 Nxc5 21.
bxc5 Qe7 22. Qa2 g6 23. Qa5 h5 24. Ra7 Qg5 25. Qc7 Re7 26. Qxc6 Rxa7 27. Qxc8
h4 28. Nf1 Ra2 29. Bxb5 Qf6 30. f3 Kh7 31. Qxf8 h3 32. Be8 Rxg2+ 33. Kh1 Rf2
34. Kg1 Rxf3 35. Qxf7+ Qxf7 36. Bxf7 Rxf7 37. Ng3 Rf3 38. e4 dxe4 39. Nxe4 Rd3
40. d5 Kg7 41. d6 Kf8 42. Kf2 Ke8 43. Ke2 Ra3 44. c6 Ra2+ 45. Kf3 Rxh2 46. Kg3
Rc2 47. Nf6+ Kd8 48. c7+ Kc8 49. Kxh3 Rc4 50. Nd5 Rc1 51. Kg4 Kd7 52. Nb6+ Kxd6
53. c8=Q Rxc8 54. Nxc8+ 1/2-1/2

[Event "Ct. Lleida indiv. Absolut A"]
[Site "?"]
[Date "2011.10.16"]
[Round "3.12"]
[White "Biosca Lacasa, J."]
[Black "Palacios Exposito, P."]
[Result "0-1"]
[WhiteElo "1957"]
[BlackElo "1876"]
[PlyCount "32"]
[EventDate "2011.??.??"]
[EventType "swiss"]

1. d4 Nf6 2. Nf3 c5 3. Bf4 cxd4 4. Nxd4 d6 5. Bg3 g6 6. e3 a6 7. Nd2 Bg7 8. Rb1
O-O 9. Be2 e5 10. N4b3 Nc6 11. O-O Bf5 12. a3 Rc8 13. Nc4 d5 14. Nxe5 Nxe5 15.
Bxe5 Bxc2 16. Qd4 Bxb3 0-1

[Event "Ct. Lleida indiv. Absolut A"]
[Site "?"]
[Date "2011.10.16"]
[Round "3.13"]
[White "Vallverdu Miret, O."]
[Black "Bedoya Ribo, J."]
[Result "1-0"]
[WhiteElo "2076"]
[BlackElo "1909"]
[PlyCount "37"]
[EventDate "2011.??.??"]
[EventType "swiss"]

1. e4 c6 2. d4 d5 3. Nd2 dxe4 4. Nxe4 Nd7 5. Nf3 Ngf6 6. Ng3 e6 7. Bd3 Bd6 8.
Qe2 O-O 9. Bg5 Qc7 10. Ne4 Nxe4 11. Qxe4 g6 12. h4 Qa5+ 13. c3 Qd5 14. Qe2 e5
15. Bc4 Qa5 16. Bh6 Re8 17. Ng5 Re7 18. Nxf7 Rxf7 19. Qf3 1-0

[Event "Ct. Lleida indiv. Absolut A"]
[Site "?"]
[Date "2011.10.16"]
[Round "3.14"]
[White "Rodon Balcells, J."]
[Black "Ortiz Navarro, MA."]
[Result "0-1"]
[WhiteElo "1879"]
[BlackElo "2007"]
[PlyCount "85"]
[EventDate "2011.??.??"]
[EventType "swiss"]

1. e4 e6 2. c4 d5 3. exd5 exd5 4. d4 Bb4+ 5. Nc3 Ne7 6. Qa4+ Nbc6 7. Bd2 O-O 8.
Nf3 Bg4 9. O-O-O a6 10. c5 b5 11. cxb6 cxb6 12. Be2 b5 13. Qb3 Bxc3 14. Bxc3 b4
15. Bxb4 Rb8 16. Bxe7 Qxe7 17. Qe3 Qc7 18. Kb1 Rfe8 19. Qd2 Nb4 20. Bd3 Qb6 21.
Qc3 Nxd3 22. Rxd3 Bf5 23. Ne5 f6 24. g4 Bxd3+ 25. Nxd3 Qe6 26. h3 Qe2 27. Qc2
Qf3 28. Qd1 Qxd1+ 29. Rxd1 Re2 30. a3 a5 31. Ka1 a4 32. Kb1 g5 33. Ka1 Kg7 34.
Rc1 Rb7 35. Rc3 Rb3 36. Rc7+ Kg6 37. Nc1 Re1 38. Ka2 Rxh3 39. Rc2 Rhh1 40. Kb1
Re4 41. f3 Rxd4 42. Ka2 Rdd1 43. Kb1 0-1

[Event "Ct. Lleida indiv. Absolut A"]
[Site "?"]
[Date "2011.10.23"]
[Round "4.1"]
[White "Monell Camarasa, D."]
[Black "Ramon Solans, A."]
[Result "1/2-1/2"]
[WhiteElo "2212"]
[BlackElo "2280"]
[PlyCount "83"]
[EventDate "2011.??.??"]
[EventType "swiss"]

1. d4 c5 2. d5 Nf6 3. c4 g6 4. Nc3 d6 5. e4 Bg7 6. Bd3 O-O 7. Nge2 e6 8. O-O
exd5 9. exd5 Ng4 10. f4 f5 11. h3 Nh6 12. Kh2 Na6 13. a3 Bd7 14. Rb1 Nc7 15.
Bd2 a5 16. Ng1 Ng4+ 17. Kh1 Re8 18. Qf3 Qh4 19. g3 Qh5 20. Kg2 Nf6 21. Qxh5
Nxh5 22. Rfe1 Rxe1 23. Rxe1 Bf6 24. Nf3 Ng7 25. Bc2 b5 26. b3 b4 27. Nb1 Re8
28. a4 Rxe1 29. Bxe1 Na8 30. Nbd2 Nb6 31. Kf2 Ne8 32. Ke2 Nc7 33. Kd3 Bc8 34.
Bd1 Ba6 35. Kc2 Bc8 36. Nf1 Bd7 37. Kd3 Nc8 38. Ne3 Ne7 39. g4 Kf8 40. Bh4 Bxh4
41. Nxh4 Kf7 42. Nf3 1/2-1/2

[Event "Ct. Lleida indiv. Absolut A"]
[Site "?"]
[Date "2011.10.23"]
[Round "4.2"]
[White "Campos Olaya, I."]
[Black "Trepat Herranz, J."]
[Result "0-1"]
[WhiteElo "2173"]
[BlackElo "2348"]
[PlyCount "78"]
[EventDate "2011.??.??"]
[EventType "swiss"]

1. e4 c6 2. d4 d5 3. Nc3 dxe4 4. Nxe4 Nf6 5. Nxf6+ gxf6 6. Nf3 Bg4 7. c3 Qc7 8.
h3 Bh5 9. Be3 Nd7 10. Qa4 Nb6 11. Qa5 Nd5 12. Qxc7 Nxc7 13. c4 e6 14. g4 Bg6
15. Rg1 Bb4+ 16. Nd2 h5 17. g5 Be7 18. h4 O-O-O 19. O-O-O Ne8 20. Bh3 fxg5 21.
hxg5 Ng7 22. Nf3 Bf5 23. Bxf5 Nxf5 24. Ne5 Nxe3 25. fxe3 Bxg5 26. Rxg5 f6 27.
Rg6 fxe5 28. Rxe6 exd4 29. exd4 h4 30. Re2 h3 31. Rh2 Rh4 32. b3 Rg8 33. Rdh1
Rg3 34. Kb2 Kc7 35. Ka3 b6 36. d5 cxd5 37. cxd5 Kd6 38. Rd2 Rh5 39. Rd4 Rg2 0-1

[Event "Ct. Lleida indiv. Absolut A"]
[Site "?"]
[Date "2011.10.23"]
[Round "4.3"]
[White "Codina Garcia, J."]
[Black "Sanuy Moncasi, A."]
[Result "1-0"]
[WhiteElo "2128"]
[BlackElo "1978"]
[PlyCount "44"]
[EventDate "2011.??.??"]
[EventType "swiss"]

1. d4 d5 2. Nf3 Bf5 3. c4 c6 4. Qb3 Qb6 5. Qxb6 axb6 6. cxd5 Bxb1 7. Rxb1 Rxa2
8. Bf4 Nd7 9. dxc6 bxc6 10. e3 e6 11. Bc4 Bb4+ 12. Ke2 Ra8 13. Ra1 Ra5 14. Ne5
Ne7 15. Nd3 c5 16. Nxb4 cxb4 17. Rxa5 bxa5 18. Ra1 O-O 19. Rxa5 Nb6 20. Bb3
Ned5 21. Bd6 Rd8 22. Bc5 g5 1-0

[Event "Ct. Lleida indiv. Absolut A"]
[Site "?"]
[Date "2011.10.23"]
[Round "4.4"]
[White "Palau Cabases, A."]
[Black "Gutierrez Martos, FE."]
[Result "0-1"]
[WhiteElo "1899"]
[BlackElo "2072"]
[PlyCount "72"]
[EventDate "2011.??.??"]
[EventType "swiss"]

1. e4 e5 2. Nf3 Nc6 3. d4 exd4 4. Bc4 Nf6 5. e5 d5 6. exd6 Bxd6 7. O-O O-O 8.
Bg5 Bg4 9. Qd3 Qd7 10. Bb5 Bf5 11. Bxc6 bxc6 12. Qd1 Ne4 13. Bh4 c5 14. Nbd2
Rab8 15. Nxe4 Bxe4 16. Nd2 Bd5 17. b3 Qf5 18. Bg3 Rfe8 19. Rc1 Re6 20. Bxd6
cxd6 21. f3 Rbe8 22. Rf2 g6 23. Nf1 h5 24. Qd2 Kg7 25. c3 dxc3 26. Rxc3 Bb7 27.
Rc1 h4 28. b4 cxb4 29. Qd4+ Qf6 30. Qxb4 R8e7 31. h3 Ba6 32. Nh2 Qe5 33. f4 Qf5
34. Nf3 Qf6 35. Kh2 Re4 36. Qa5 Qxf4+ 0-1

[Event "Ct. Lleida indiv. Absolut A"]
[Site "?"]
[Date "2011.10.23"]
[Round "4.5"]
[White "Pera Lucas, E."]
[Black "Llavall Sans, D."]
[Result "0-1"]
[WhiteElo "1983"]
[BlackElo "2049"]
[PlyCount "72"]
[EventDate "2011.??.??"]
[EventType "swiss"]

1. e4 d6 2. d4 Nf6 3. Bd3 e5 4. d5 c6 5. c4 Be7 6. Ne2 Na6 7. Nbc3 Nc5 8. Bc2
a5 9. O-O O-O 10. Ng3 cxd5 11. cxd5 Bd7 12. f4 exf4 13. Rxf4 b5 14. Be3 Qc7 15.
Rc1 Rac8 16. Nf5 Bd8 17. Bd4 b4 18. Ne2 Bxf5 19. Rxf5 Re8 20. Rf4 Nfd7 21. Ba4
Bg5 22. Rg4 f6 23. Nf4 Bxf4 24. Rxf4 Re7 25. Bxc5 Nxc5 26. Bc2 Re5 27. Bb1 Rce8
28. Kh1 Qe7 29. Rxc5 dxc5 30. h3 Qd6 31. Qa4 R5e7 32. Rf1 Qa6 33. Re1 f5 34. e5
Rxe5 35. Rxe5 Qf1+ 36. Kh2 Rxe5 0-1

[Event "Ct. Lleida indiv. Absolut A"]
[Site "?"]
[Date "2011.10.23"]
[Round "4.7"]
[White "Parramon Guillaumet, J."]
[Black "Villa Gimenez, C."]
[Result "0-1"]
[WhiteElo "1905"]
[BlackElo "2027"]
[PlyCount "100"]
[EventDate "2011.??.??"]
[EventType "swiss"]

1. Nf3 Nf6 2. b3 d5 3. Bb2 c6 4. e3 Bg4 5. d4 e6 6. Be2 Bd6 7. Nbd2 O-O 8. h3
Bxf3 9. Bxf3 Nbd7 10. O-O e5 11. c4 e4 12. Be2 Rc8 13. f4 exf3 14. Bxf3 Bb8 15.
Re1 Qc7 16. Nf1 Rfe8 17. Rc1 Qd6 18. Rc2 Nf8 19. Qc1 Ng6 20. cxd5 Nxd5 21. e4
Nb4 22. e5 Qd8 23. Rd2 Nxa2 24. Qc5 Qb6 25. Qxb6 axb6 26. Ne3 Nb4 27. Ba3 Na6
28. Nc4 b5 29. Nd6 Bxd6 30. Bxd6 Nf4 31. Rf1 Nd5 32. Bxd5 cxd5 33. Rdf2 Nc7 34.
Rxf7 Ne6 35. Rxb7 Nxd4 36. b4 Ne6 37. Rxb5 d4 38. Rb7 Rc2 39. Re7 Rxe7 40. Bxe7
d3 41. Rd1 Nf4 42. Kf1 d2 43. Kf2 Nd5 44. Kg3 Ne3 45. Ra1 Rc1 46. Ra8+ Kf7 47.
Bd6 d1=Q 48. Rf8+ Kg6 49. Kh2 Qg1+ 50. Kg3 Qxg2+ 0-1

[Event "Ct. Lleida indiv. Absolut A"]
[Site "?"]
[Date "2011.10.23"]
[Round "4.8"]
[White "Alba Tarradelles, J."]
[Black "Palacios Exposito, P."]
[Result "0-1"]
[WhiteElo "1888"]
[BlackElo "1876"]
[PlyCount "50"]
[EventDate "2011.??.??"]
[EventType "swiss"]

1. d4 Nf6 2. c4 c5 3. d5 b5 4. cxb5 a6 5. bxa6 Bxa6 6. Nc3 Qa5 7. Bd2 Qb6 8.
Qc2 e6 9. dxe6 fxe6 10. Nf3 Nc6 11. g3 Rc8 12. Bg2 Nd4 13. Qc1 Be7 14. O-O Bxe2
15. Nxd4 Bxf1 16. Nxe6 Bxg2 17. Nxg7+ Kf7 18. Kxg2 Kxg7 19. Bh6+ Kf7 20. Qf4
Qd6 21. Qc4+ Qe6 22. Qf4 Bd6 23. Qf3 Rhg8 24. Rd1 Rc6 25. Ne4 Qxe4 0-1

[Event "Ct. Lleida indiv. Absolut A"]
[Site "?"]
[Date "2011.10.23"]
[Round "4.9"]
[White "Degracia Burgues, JA."]
[Black "Vallverdu Miret, O."]
[Result "0-1"]
[WhiteElo "1915"]
[BlackElo "2076"]
[PlyCount "98"]
[EventDate "2011.??.??"]
[EventType "swiss"]

1. e4 d5 2. exd5 Qxd5 3. Nf3 Nf6 4. Be2 Bg4 5. O-O e6 6. Nc3 Qd8 7. Re1 Be7 8.
h3 Bh5 9. d4 O-O 10. Bg5 Nc6 11. d5 Nxd5 12. Nxd5 Qxd5 13. Qxd5 exd5 14. Bxe7
Nxe7 15. Nd4 Bxe2 16. Rxe2 Ng6 17. Rae1 Rfd8 18. g3 c6 19. f4 c5 20. Nf5 Kf8
21. c3 b6 22. Kf2 Rd7 23. h4 h5 24. Kf3 Rad8 25. Ke3 Ne7 26. Nxe7 Rxe7+ 27. Kd3
Rde8 28. Rxe7 Rxe7 29. Rb1 Re4 30. b4 c4+ 31. Kd2 Ke7 32. b5 Kd6 33. a4 Kc5 34.
Rc1 d4 35. cxd4+ Rxd4+ 36. Kc2 Rd3 37. Re1 Kb4 38. Re7 Kxa4 39. Rxf7 Rxg3 40.
Rf5 g6 41. Rg5 Rf3 42. f5 gxf5 43. Rxh5 Kxb5 44. Rg5 Kb4 45. h5 f4 46. h6 Rh3
47. Rg6 Rh2+ 48. Kd1 f3 49. Rf6 b5 0-1

[Event "Ct. Lleida indiv. Absolut A"]
[Site "?"]
[Date "2011.10.23"]
[Round "4.10"]
[White "Rodriguez Moles, J."]
[Black "Monfa Sole, R."]
[Result "1-0"]
[WhiteElo "1669"]
[BlackElo "2040"]
[PlyCount "95"]
[EventDate "2011.??.??"]
[EventType "swiss"]

1. e4 d6 2. Bc4 Nf6 3. Nc3 e5 4. Nf3 Be7 5. d4 Nbd7 6. O-O O-O 7. h3 c6 8. Be3
b5 9. Bb3 b4 10. dxe5 dxe5 11. Na4 Nxe4 12. Qd3 Nef6 13. Ng5 Qa5 14. Rfd1 Ba6
15. Qf5 g6 16. Qf3 Rad8 17. c3 h6 18. Ne4 Nxe4 19. Qxe4 Kg7 20. Qxc6 Bb5 21.
Rd5 Bxc6 22. Rxa5 bxc3 23. Nxc3 f5 24. Rxa7 f4 25. Bb6 Rb8 26. Bc7 Rbe8 27. Re1
Bc5 28. Ra6 Bb7 29. Ra5 Bd4 30. Bd5 Bxd5 31. Rxd5 Nf6 32. Bxe5 Bxc3 33. bxc3
Kf7 34. Ra5 Nd7 35. Kf1 Nxe5 36. Raxe5 Rc8 37. Re7+ Kg8 38. Rc1 Rb8 39. c4 Rb2
40. c5 Rxa2 41. c6 Rc8 42. c7 Raa8 43. Rd7 Kf8 44. Rcd1 Ke8 45. Ke2 g5 46. Kf3
h5 47. Ke4 g4 48. Kxf4 1-0

[Event "Ct. Lleida indiv. Absolut A"]
[Site "?"]
[Date "2011.11.01"]
[Round "5.1"]
[White "Trepat Herranz, J."]
[Black "Monell Camarasa, D."]
[Result "0-1"]
[WhiteElo "2348"]
[BlackElo "2212"]
[PlyCount "138"]
[EventDate "2011.??.??"]
[EventType "swiss"]

1. d4 d5 2. c4 dxc4 3. Nf3 c5 4. e3 cxd4 5. Bxc4 Qc7 6. Bb3 dxe3 7. Bxe3 Nf6 8.
Nc3 Bg4 9. h3 Bh5 10. Nb5 Qa5+ 11. Bd2 Qb6 12. Ba4 Nc6 13. Be3 Qa5+ 14. Qd2
Qxd2+ 15. Nxd2 Nd5 16. Nd4 Nb6 17. Bxc6+ bxc6 18. Nxc6 e6 19. O-O Nd5 20. Bxa7
Nb4 21. Nxb4 Rxa7 22. Nc6 Rc7 23. Rfc1 Bd6 24. g3 Kd7 25. Na5 Rxc1+ 26. Rxc1
Ra8 27. Ndc4 Bc7 28. b4 Bf3 29. a3 Bd5 30. Kf1 f6 31. Ke2 h5 32. h4 g5 33. Kd3
gxh4 34. gxh4 Rg8 35. Ne3 Bxa5 36. bxa5 Kd6 37. Rb1 Bc6 38. Nc4+ Kc5 39. Ne3
Bb5+ 40. Ke4 Ra8 41. Rg1 Rxa5 42. Rg6 Bc6+ 43. Kf4 Ra4+ 44. Kg3 f5 45. Rf6 Kd6
46. f4 Rxa3 47. Kf2 Ke7 48. Rh6 Be8 49. Rh7+ Kf6 50. Rb7 Bc6 51. Rb6 Be4 52.
Rb2 Ra1 53. Nf1 Ra3 54. Ne3 Ke7 55. Rd2 Rd3 56. Rxd3 Bxd3 57. Kg3 Kd6 58. Kf3
Kc5 59. Nd1 Kd4 60. Nf2 Be4+ 61. Kg3 Ke3 62. Nd1+ Kd2 63. Nf2 Bd5 64. Nh3 Ke3
65. Ng5 e5 66. fxe5 f4+ 67. Kh2 f3 68. e6 f2 69. e7 Bc6 0-1

[Event "Ct. Lleida indiv. Absolut A"]
[Site "?"]
[Date "2011.11.01"]
[Round "5.2"]
[White "Ramon Solans, A."]
[Black "Gensana Berzunces, J."]
[Result "1-0"]
[WhiteElo "2280"]
[BlackElo "1997"]
[PlyCount "55"]
[EventDate "2011.??.??"]
[EventType "swiss"]

1. d4 Nf6 2. c4 e6 3. Nc3 Bb4 4. Qc2 c5 5. dxc5 Qa5 6. Bd2 Qxc5 7. e3 O-O 8. a3
Bxc3 9. Bxc3 Nc6 10. Bd3 h6 11. O-O-O Qe7 12. Ne2 d5 13. g4 e5 14. cxd5 Nxd5
15. Bh7+ Kh8 16. Rxd5 Be6 17. Rd2 g6 18. Bxg6 fxg6 19. Nf4 Rxf4 20. exf4 Nd4
21. Qxg6 Rc8 22. Qxh6+ Kg8 23. Kb1 Rxc3 24. Qg6+ Kf8 25. bxc3 Bf5+ 26. gxf5
Qxa3 27. Qf6+ Ke8 28. Qxe5+ 1-0

[Event "Ct. Lleida indiv. Absolut A"]
[Site "?"]
[Date "2011.11.01"]
[Round "5.3"]
[White "Gutierrez Martos, FE."]
[Black "Codina Garcia, J."]
[Result "1/2-1/2"]
[WhiteElo "2072"]
[BlackElo "2128"]
[PlyCount "118"]
[EventDate "2011.??.??"]
[EventType "swiss"]

1. c4 c6 2. g3 Nf6 3. Bg2 d5 4. Nf3 e6 5. b3 Be7 6. Bb2 Nbd7 7. O-O O-O 8. d3
dxc4 9. bxc4 Qc7 10. Nc3 e5 11. Rb1 Re8 12. Ne1 Nf8 13. Nc2 Ne6 14. Qc1 Nc5 15.
h3 Bd7 16. Qe3 Rad8 17. Ba3 b6 18. Rfd1 Bf8 19. Bb2 h6 20. Rdc1 Qc8 21. Kh2 Qc7
22. Ne1 Kh8 23. Kh1 Kg8 24. Rd1 Qc8 25. Kh2 Qc7 26. Qc1 Bc8 27. Qc2 Bf5 28. e4
Bc8 29. Nf3 Kh8 30. Ne2 Ncd7 31. Nc1 Bd6 32. Nh4 Nc5 33. Ne2 Ne6 34. Nf5 c5 35.
Nc3 Bd7 36. Qc1 Kh7 37. Ne3 Bc6 38. Ncd5 Bxd5 39. exd5 Nd4 40. Nf1 Kg8 41. Nd2
Bf8 42. Ne4 Nxe4 43. dxe4 Bd6 44. Qe3 Rf8 45. g4 Be7 46. Qd3 Bg5 47. Bc1 Qe7
48. Be3 Qf6 49. Bxd4 Bf4+ 50. Kg1 exd4 51. a4 a5 52. Rb5 Bc7 53. Qf3 Qe5 54.
Qf5 f6 55. Rd3 Rfe8 56. Rb1 Re7 57. Re1 Kf7 58. Rb1 g6 59. Qxe5 fxe5 1/2-1/2

[Event "Ct. Lleida indiv. Absolut A"]
[Site "?"]
[Date "2011.11.01"]
[Round "5.4"]
[White "Villa Gimenez, C."]
[Black "Llavall Sans, D."]
[Result "1/2-1/2"]
[WhiteElo "2027"]
[BlackElo "2049"]
[PlyCount "39"]
[EventDate "2011.??.??"]
[EventType "swiss"]

1. b3 e5 2. Bb2 d6 3. e3 Nf6 4. Nf3 Be7 5. d4 e4 6. Nfd2 d5 7. c4 c6 8. Be2 O-O
9. O-O Re8 10. Ba3 a5 11. Bxe7 Qxe7 12. c5 b6 13. cxb6 Nbd7 14. Qc2 Qd6 15. Rc1
Bb7 16. Nf1 Rec8 17. Nbd2 c5 18. Qb2 Qxb6 19. dxc5 Rxc5 20. Rxc5 1/2-1/2

[Event "Ct. Lleida indiv. Absolut A"]
[Site "?"]
[Date "2011.11.01"]
[Round "5.5"]
[White "Palacios Exposito, P."]
[Black "Sanuy Moncasi, A."]
[Result "1/2-1/2"]
[WhiteElo "1876"]
[BlackElo "1978"]
[PlyCount "56"]
[EventDate "2011.??.??"]
[EventType "swiss"]

1. e4 e6 2. d4 d5 3. Nc3 Bb4 4. e5 c5 5. a3 Bxc3+ 6. bxc3 Nc6 7. Qg4 Nge7 8.
Nf3 Nf5 9. Bd3 Nce7 10. Qh5 g6 11. Qg5 Ng8 12. Qf4 c4 13. Be2 h6 14. g4 Nh4 15.
Qg3 Nxf3+ 16. Bxf3 Bd7 17. h4 Ba4 18. Ra2 Qa5 19. Bd2 O-O-O 20. O-O Qc7 21. Rb1
Qe7 22. g5 h5 23. Qf4 Rd7 24. Be2 Qf8 25. Rb4 b5 26. Bc1 Ne7 27. Bf1 Nc6 28.
Rb1 Qd8 1/2-1/2